| 000 | 01687cam a2200337Ia 4500 | ||
|---|---|---|---|
| 001 | 192001997 | ||
| 003 | OCoLC | ||
| 005 | 20140520110400.0 | ||
| 008 | 080213r20072005caua 000 0 eng d | ||
| 020 | _a9781425803698 | ||
| 020 | _a1425803695 | ||
| 100 | 1 | _aSundem, Garth. | |
| 245 | 1 | 0 |
_aAncient civilizations activities / _cGarth Sundem, M.M. and Kristi A. Pikiewicz. |
| 260 |
_aHuntington Beach, CA : _bShell Educational Publishing, _cc2005. |
||
| 300 |
_a176 p. : _bill. ; _c28 cm. |
||
| 440 | 0 | _aHands-on history. | |
| 500 | _aReprinted, 2007. | ||
| 500 | _a"SEP 9048." | ||
| 505 | 1 | _aThe first civilizations -- Ancient Mesopotamia -- Ancient Egypt -- Ancient India -- Ancient China -- Ancient Greece -- Ancient Rome. | |
| 520 | _a"Included are activities for seven civilizations taught in the ancient civilizations curriculum. While the goals of these activities are to create excitement and spark interest in further study, they are also firmly based in standards and include scoring guides and ideas for assessing student learning."--p. 7. | ||
| 650 | 0 |
_aCivilization, Ancient _xHistory _xStudy and teaching (Primary) |
|
| 651 | 0 |
_aIraq _xCivilization _yTo 634 _xStudy and teaching (Primary) |
|
| 651 | 0 |
_aEgypt _xCivilization _yTo 332 B.C. _xStudy and teaching (Primary) |
|
| 651 | 0 |
_aIndia _xCivilization _yTo 1200 _xStudy and teaching (Primary) |
|
| 651 | 0 |
_aChina _xCivilization _yTo 221 B.C. _xStudy and teaching (Primary) |
|
| 651 | 0 |
_aRome _xCivilization _xStudy and teaching (Primary) |
|
| 651 | 0 |
_aGreece _xCivilization _yTo 146 B.C. _xStudy and teaching (Primary) |
|
| 700 | 1 | _aPikiewicz, Kristi. | |
| 740 | 0 | 3 | _aNew book titles (August, 2010) |
| 942 |
_2lcc _cBK |
||
| 999 |
_c37194 _d37194 |
||